Revista interamericana de bibliografía = (Record no. 1923)
[ view plain ]
| 000 -LEADER | |
|---|---|
| campo de control de longitud fija | 01190nas a2200301 i 4500 |
| 001 - NÚMERO DE CONTROL | |
| campo de control | 1923 |
| 003 - IDENTIFICADOR DE NÚMERO DE CONTROL | |
| campo de control | ES-MaACL |
| 005 - FECHA Y HORA DE LA ÚLTIMA TRANSACCIÓN | |
| campo de control | 20250415191022.0 |
| 007 - CAMPO FIJO DE DESCRIPCIÓN FÍSICA--INFORMACIÓN GENERAL | |
| campo de control de longitud fija | t| |
| 008 - DATOS DE LONGITUD FIJA--INFORMACIÓN GENERAL | |
| campo de control de longitud fija | 950801c1951 xxu | | 1 ||pa d |
| 022 ## - NÚMERO INTERNACIONAL NORMALIZADO PARA PUBLICACIONES SERIADAS | |
| Número Internacional Normalizado para Publicaciones Seriadas | 0250-6262 |
| 080 ## - NÚMERO DE LA CLASIFICACIÓN DECIMAL UNIVERSAL | |
| Número de la Clasificación Decimal Universal | 73 |
| 245 00 - MENCIÓN DEL TÍTULO | |
| Título | Revista interamericana de bibliografía = |
| Resto del título | Review of interamerican bibliography / |
| Mención de responsabilidad, etc. | dir. Maury A. Bromsen. |
| 260 ## - PUBLICACIÓN, DISTRIBUCIÓN, ETC. | |
| Lugar de publicación, distribución, etc. | Washington : |
| Nombre del editor, distribuidor, etc. | Unión Panamericana, Departamento de Asuntos Culturales, |
| Fecha de publicación, distribución, etc. | 1951- |
| 300 ## - DESCRIPCIÓN FÍSICA | |
| Extensión | 28 v. ; |
| Dimensiones | 25 cm. |
| 310 ## - PERIODICIDAD ACTUAL | |
| Periodicidad actual | Trimestral |
| 362 0# - FECHAS DE PUBLICACIÓN Y/O DESIGNACIÓN SECUENCIAL | |
| Fecha de publicación y/o designación secuencial | Vol. 1, n. 1 (en./marzo 1951)- |
| 650 #4 - PUNTO DE ACCESO ADICIONAL DE MATERIA--TÉRMINO DE MATERIA | |
| Término de materia o nombre geográfico como elemento de entrada | Bibliografía. |
| 9 (RLIN) | 10516 |
| 655 #7 - TERMINO DE INDIZACIÓN--GENERO/FORMA | |
| Fuente del término | tgfbne |
| 9 (RLIN) | 226866 |
| Datos o término principal de género/forma | Revistas |
| 700 1# - ENTRADA AGREGADA--NOMBRE PERSONAL | |
| Nombre de persona | Bromsen, Maury A, |
| 9 (RLIN) | 194321 |
| 710 2# - ENTRADA AGREGADA--NOMBRE DE ENTIDAD CORPORATIVA | |
| Nombre de entidad corporativa o nombre de jurisdicción como elemento de entrada | Unión Panamericana. |
| Unidad subordinada | Departamento de Asuntos Culturales ( |
| Sede del congreso/Lugar de la reunión | Washington) |
| 9 (RLIN) | 135028 |
| 852 ## - LOCALIZACIÓN | |
| Ubicación | ES-MaACL |
| Número de control de estantería | HEM-H-78 |
| Signatura antigua | Olim: HEM-1128 |
| Ubicación en estantería | Hemeroteca |
| itemnumber | 1962 |
| 857 ## - LOCALIZACIÓN Y ACCESO ELECTRÓNICOS_2 | |
| Identificador Uniforme de Recursos | <a href="https://dialnet.unirioja.es/servlet/revista?codigo=19242">https://dialnet.unirioja.es/servlet/revista?codigo=19242</a> |
| Texto de enlace | Sumarios de la revista en Dialnet |
| 866 #0 - MENCIÓN TEXTUAL DE FONDOS--UNIDAD BIBLIOGRÁFICA BÁSICA | |
| Fondos | 1951-1962(1963)1964-1968(1969)1970(1971)1972-1976(1977)1978-1979. |
| Faltantes | 1963(n.4)1969(n.1)1971(n.1)1977(n.2) |
| 942 ## - ELEMENTOS DE ENTRADA SECUNDARIOS (KOHA) | |
| Fuente del sistema de clasificación o colocación | Clasificación decimal universal |
| Tipo de ítem Koha | Revista |
| Estatus retirado | Estado de pérdida | Fuente del sistema de clasificación o colocación | Estado de daño | No para préstamo | Colección | Biblioteca de origen | Biblioteca actual | Ubicación en estantería | Fecha de adquisición | Total de préstamos | Signatura topográfica completa | Código de barras | Visto por última vez | Precio de reemplazo | Tipo de ítem Koha |
|---|---|---|---|---|---|---|---|---|---|---|---|---|---|---|---|
| Clasificación decimal universal | Biblioteca profesional | Biblioteca del Ateneo de Madrid | Biblioteca del Ateneo de Madrid | Hemeroteca | 17/01/2008 | HEM-H-78 | 1001962 | 23/02/2023 | 23/02/2023 | Revista |
